Statistics for Countries of the Soviet Union

Click here to take the quiz!

General Stats

  • This quiz has been taken 14 times
  • The average score is 13 of 15

Answer Stats

First LetterAnswer% Correct
BBelarus
100%
AAzerbaijan
93%
EEstonia
93%
GGeorgia
93%
LLatvia
93%
LLithuania
93%
RRussia
93%
UUkraine
93%
AArmenia
86%
KKazakhstan
86%
MMoldova
86%
TTajikistan
86%
UUzbekistan
86%
TTurkmenistan
79%
KKyrgyzstan
71%

Score Distribution

Percentile by Number Answered

Percent of People with Each Score

Your Score History

You have not taken this quiz